MAASAI MARA UNIVERSITY

LIBRARY CATALOGUE

Contact Us: +254 020 2685356/7 or 0774 057787

Box: 861-20500, NAROK, KENYA

Email: info@mmarau.ac.ke

Myles Textbook for Midwives (Record no. 15700)

MARC details
000 -LEADER
fixed length control field 00379nam a22001337a 4500
003 - CONTROL NUMBER IDENTIFIER
control field OSt
005 - DATE AND TIME OF LATEST TRANSACTION
control field 20170518095712.0
008 - FIXED-LENGTH DATA ELEMENTS--GENERAL INFORMATION
fixed length control field 151109b xxu||||| |||| 00| 0 eng d
040 ## - CATALOGING SOURCE
Transcribing agency AACR2
245 ## - TITLE STATEMENT
Title Myles Textbook for Midwives
Statement of responsibility, etc. edited by Diane M. Fraser
260 ## - PUBLICATION, DISTRIBUTION, ETC. (IMPRINT)
Place of publication, distribution, etc. London :
Name of publisher, distributor, etc. ChurchHill Livingstone Elsevier,
Date of publication, distribution, etc. 2009
300 ## - PHYSICAL DESCRIPTION
Extent xiv,1122p.
942 ## - ADDED ENTRY ELEMENTS (KOHA)
Source of classification or shelving scheme Library of Congress Classification
Koha item type SL
Edition 15th ed.

No items available.

© 2016 Maasai Mara University.